000 00586nam a2200181 i 4500
001 49915
003 ES-MaACL
007 t|
008 030725s1982 xxu ||||1| eng d
100 1 _aCreighton, Douglas G.
_941476
245 1 0 _aJacques-François De Luc of Geneva and his friendship with Jean Jacques Rousseau /
_cby Douglas G. Creighton.
260 _aMississippi :
_bUniversity,
_c1982.
300 _a127 p. ;
_c23 cm.
490 1 _aRomance monographs ;
_v42
830 0 _aRomance monographs ;
_v42
_9181646
852 _aES-MaACL
_jL-3626
_bR.104706
999 _c49915
_d49915